000 00402cam a2200169 4500
001 D13511
008 090401t1891 xxu||||| |||| 00| 0 eng d
035 _a(Sirsi) u10089
041 _aeng
100 _aNewbigging, Thomas
245 4 _aThe valuation of gas-works for assessment
260 _aLondon
_bWalter King
_c1891
350 _a0
520 _aShelf 132
942 _n0
948 _c04/03/1997
999 _c86699
_d86699